| 000 | 01291cam a2200337 i 4500 | ||
|---|---|---|---|
| 999 |
_c1953 _d1953 |
||
| 001 | 17861346 | ||
| 003 | OSt | ||
| 005 | 20230220150842.0 | ||
| 008 | 130822s2014 deuab j b 001 0 eng | ||
| 010 | _a 2013033970 | ||
| 020 | _a9781612284750 | ||
| 040 |
_aDLC _beng _cDLC _erda |
||
| 042 | _apcc | ||
| 043 | _aa-cb--- | ||
| 082 | 0 | 0 |
_a959.6 ONE _223 |
| 100 | 1 |
_aO'Neal, Claire. _eauthor |
|
| 245 | 1 | 0 |
_aWe visit Cambodia / _cClaire O'Neal. |
| 246 | 3 | _aCambodia | |
| 264 | 1 |
_aHockessin, Delaware : _bMitchell Lane Publishers, _c[2014] |
|
| 300 |
_a63 pages : _billustrations, maps ; _c25 cm. |
||
| 336 |
_atext _2rdacontent |
||
| 337 |
_aunmediated _2rdamedia |
||
| 338 |
_avolume _2rdacarrier |
||
| 490 | 0 | _aYour land and my land: Asia | |
| 504 | _aIncludes bibliographical references and index. | ||
| 505 | 0 | _aThe people of the Naga -- Geography -- Ancient history to independence -- Modern history -- Government and politics -- Resources and jobs -- Religion and holidays -- Language and learning -- Famous Cambodians -- We visit Cambodia. | |
| 651 | 0 |
_aCambodia _vJuvenile literature. |
|
| 906 |
_a7 _bcbc _corignew _d1 _eecip _f20 _gy-gencatlg |
||
| 942 |
_2ddc _cNFIC |
||